Central Library OPAC University of Rajshahi

Czechs and Germans : (Record no. 64558)

MARC details
000 -LEADER
fixed length control field 00938nam a2200253 a 4500
001 - CONTROL NUMBER
control field 64558
003 - CONTROL NUMBER IDENTIFIER
rucl marc code BD-RjUL
005 - DATE AND TIME OF LATEST TRANSACTION
control field 20211209081324.0
008 - FIXED-LENGTH DATA ELEMENTS--GENERAL INFORMATION
fixed length control field 170216s1938 enkab b 001 0 eng d
035 ## - SYSTEM CONTROL NUMBER
System control number (BD-RjUL)64688
040 ## - CATALOGING SOURCE
Original cataloging agency DLC
Transcribing agency DLC
Modifying agency BD-RjUL
Language of cataloging eng
041 ## - LANGUAGE CODE
Language code of text/sound track or separate title eng
082 ## - DEWEY DECIMAL CLASSIFICATION NUMBER
Edition number 23
Classification number 943.7
Author mark and year WIC 1938
100 1# - MAIN ENTRY--PERSONAL NAME
Personal name Wiskemann, Elizabeth.
9 (RLIN) 191477
245 10 - TITLE STATEMENT
Title Czechs and Germans :
Remainder of title a study of the struggle in the historic provinces of Bohemia and Moravia /
Statement of responsibility, etc. by Elizabeth Wiskemann.
260 ## - PUBLICATION, DISTRIBUTION, ETC. (IMPRINT)
Place of publication, distribution, etc. London :
Name of publisher, distributor, etc. Oxford University Press,
Date of publication, distribution, etc. 1938.
300 ## - PHYSICAL DESCRIPTION
Pagination viii, 299 p. :
Illustrations ill. ;
Size 22 cm.
504 ## - BIBLIOGRAPHY, ETC. NOTE
Bibliography, etc Includes bibliographial references (p. [284]-287) and index.
650 #0 - SUBJECT ADDED ENTRY--TOPICAL TERM
Topical term or geographic name as entry element Germans
Geographic subdivision Czech Republic
-- Bohemia.
9 (RLIN) 191478
Topical term or geographic name as entry element Germans
Geographic subdivision Czech Republic
-- Moravia.
9 (RLIN) 191479
651 #0 - SUBJECT ADDED ENTRY--GEOGRAPHIC NAME
Geographic name Czechoslovakia
General subdivision Politics and government.
9 (RLIN) 191480
710 2# - ADDED ENTRY--CORPORATE NAME
Corporate name or jurisdiction name as entry element Royal Institute of International Affairs.
9 (RLIN) 183145
942 ## - ADDED ENTRY ELEMENTS (KOHA)
Source of classification or shelving scheme Dewey Decimal Classification
Koha item type Books
Holdings
Lost status Source of classification or shelving scheme Damaged status Not for loan Collection code Permanent Location Current Location Shelving location Date acquired Total Checkouts Full call number Date last seen Copy number Koha item type
  Dewey Decimal Classification   Not For Loan Non-fiction Central Library, University of Rajshahi Central Library, University of Rajshahi Reading Room 16/02/2017   943.7 WIC 1938 16/02/2017 C-1 Books